| 000 | 00601cam a2200229 i 4500 | ||
|---|---|---|---|
| 001 | 1808415 | ||
| 005 | 20180208081827.0 | ||
| 008 | 790327s1980 nyu b 001 0 eng | ||
| 010 | _a 79012439 | ||
| 020 | _a0195026101 | ||
| 020 | _a019502611X (pbk.) | ||
| 040 |
_aDLC _cDLC _dDLC |
||
| 041 | _aeng | ||
| 080 | _a301.31 SCH | ||
| 082 | 0 | 0 | _a301.31 SCH |
| 100 | 1 | _a9 | |
| 101 | _aMJE | ||
| 245 | 1 | 4 |
_aThe environment, from surplus to scarcity / _cAllan Schaiberg. |
| 504 | _aIncludes bibliographies and indexes. | ||
| 906 |
_a7 _bcbc _corignew _d1 _eocip _f19 _gy-gencatlg |
||
| 942 |
_2ddc _cBK |
||
| 999 |
_c42165 _d42165 |
||